Las confesiones de San Pablo: meditaciones

Saved in:
Bibliografiske detaljer
Hovedforfatter: Martini, Carlo María (autor)
Format: Bog
Sprog:spansk
Udgivet: Bogotá San Pablo 1994
Udgivelse:5a. ed
Fag:
Tags: Tilføj Tag
Ingen Tags, Vær først til at tagge denne postø!

MARC

LEADER 00000cam a2200000 a 4500
001 UCE4365
003 CL-VaPUC
008 141023e19940000ck |||||||||||||||||spa|d
082 0 4 |a 922.22  |b MAR  |2 21 
100 |a Martini, Carlo María  |e autor  |9 600928 
245 1 4 |a Las confesiones de San Pablo: meditaciones 
250 |a 5a. ed 
300 |a 131 p 
942 |c BK 
945 |d 20141023 15:21:00  |a dcastane 
260 |a Bogotá  |b San Pablo  |c 1994 
600 0 |a Pablo de Tarso, Santo  |9 321163 
650 0 |a Biografías  |9 255210 
650 7 |a SANTOS  |2 CL-VaPUC  |9 313738 
650 0 |a Vida espiritual  |9 307811 
583 |a last modification  |c 20141023 15:21:00  |k Rodrigo Vera 
999 |c 357360  |d 357358 
952 |0 0  |1 0  |3 erb  |4 0  |6 922_220000000000000_MAR_1994  |7 0  |8 A  |9 465259  |a BIBTEO  |b BIBTEO  |i 5119200  |o 922.22 MAR 1994  |p 5119200  |r 2025-01-17  |w 2019-11-23  |y BK  |z Catalogado en:20141023  |k ICR